000 01012nam a2200193 a 4500
001 22598
003 CO-ViMGA
008 141112s2004 ck r 000 u spa d
040 _aCO-ViMGA
_bspa
_cCO-ViMGA
082 0 4 _a343.03 R377e
100 1 _aRestrepo Correa, León Jairo
_932134
245 1 0 _aEnfoque jurídico del control fiscal en colombia
260 _aBogotá.Leyer,
_c2001
300 _a292
505 _aFundamentos constitucional del control fiscal en colombia 14 - 29 - - Ley 610 de 2000 32 - 56 - - El control fiscal y la participación ciudadana 32 - 56 - - Auditoria al aseguramiento de los bienes y obras 69 - 74 - - Control fiscal a las empresas de servicios públicos domiciliarios 75 - 86 - - Otras posiciones frente a la naturaleza del proceso de responsabilidad fiscal 89 - 95
590 _aForma de adquisición : Compra - - Precio : 25.000 - - Proveedor : Dismet - - Fecha de adquisición : 2008
650 1 4 _aAUDITORIA FISCAL - ASPECTOS JURIDICOS - COLOMBIA
_932135
942 _2ddc
_cBK
999 _c30899
_d30899